[Event "Suecia ch 2007 Mästare Elit"]
[Site "Stockholm SWE"]
[Date "2007.07.11"]
[Round "11"]
[White "Wademark, Helge"]
[Black "Logdahl, Harald"]
[Result "1/2-1/2"]
[PlyCount "83"]
[EventDate "2007.06.30"]
[EventType "tourn"]
[EventRounds "13"]
[EventCountry "SWE"]
[Source "lmi"]
[SourceDate "2007.06.30"]
[WhiteElo "2153"]
[BlackElo "2250"]

1. e4 Nf6 2. e5 Nd5 3. d4 d6 4. Nf3 g6 5. Be2 Bg7 6. O-O O-O 7. h3 Nc6 8. c4
Nb6 9. exd6 cxd6 10. Nc3 Bf5 11. a3 d5 12. c5 Nc8 13. Be3 e6 14. b4 a6 15. Qd2
N8e7 16. Rfd1 Be4 17. Ng5 Nf5 18. Ncxe4 dxe4 19. Nxe4 Bxd4 20. Bxd4 Qxd4 21.
Bf3 Qg7 22. Nd6 Nxd6 23. Qxd6 Rad8 24. Qc7 f5 25. Qb6 Rc8 26. Ra2 e5 27. Bxc6
Rxc6 28. Qa5 f4 29. Rad2 f3 30. Rd8 Rcf6 31. g3 e4 32. R8d7 Qh6 33. Kh2 e3 34.
Qc7 e2 35. Re1 R6f7 36. Qxb7 Qg7 37. Qd5 Qc3 38. Qd2 Qc4 39. Rd4 Qe6 40. Rd6
Qc4 41. Rd4 Qe6 42. Rd6 1/2-1/2

[Event "Suecia ch 2007 Mästare Elit"]
[Site "Stockholm SWE"]
[Date "2007.07.11"]
[Round "11"]
[White "Semcesen, Daniel"]
[Black "Welin, Mats"]
[Result "1/2-1/2"]
[PlyCount "90"]
[EventDate "2007.06.30"]
[EventType "tourn"]
[EventRounds "13"]
[EventCountry "SWE"]
[Source "lmi"]
[SourceDate "2007.06.30"]
[WhiteElo "2348"]
[BlackElo "2195"]

1. d4 Nf6 2. c4 e6 3. Nf3 d5 4. Bg5 Be7 5. Nc3 h6 6. Bh4 O-O 7. e3 b6 8. Be2
Bb7 9. Bxf6 Bxf6 10. cxd5 exd5 11. b4 c5 12. bxc5 bxc5 13. Rb1 Bc6 14. O-O Nd7
15. Bb5 Qc7 16. Qc2 Rfc8 17. Rfc1 Rab8 18. a4 cxd4 19. Nxd5 Qd6 20. Nxf6+ Nxf6
21. Bxc6 Rxb1 22. Qxb1 Rxc6 23. Nxd4 Rxc1+ 24. Qxc1 Qb4 25. Qa1 Ne4 26. f3 Nc5
27. a5 g6 28. h3 Qd2 29. Qa3 Nd3 30. Qe7 Ne1 31. Qe8+ Kg7 32. Qe5+ Kh7 33. Qg3
Nd3 34. f4 Qxa5 35. Qf3 Qc7 36. Qd5 Qe7 37. Kh2 Nb4 38. Qb3 Kg8 39. e4 Qxe4 40.
Qxb4 Qxf4+ 41. Kg1 Qe3+ 42. Kf1 Qf4+ 43. Kg1 Qe3+ 44. Kf1 Qf4+ 45. Kg1 Qe3+
1/2-1/2

[Event "Suecia ch 2007 Mästare Elit"]
[Site "Stockholm SWE"]
[Date "2007.07.11"]
[Round "11"]
[White "Johansson, Gunnar"]
[Black "Marttala, Thomas"]
[Result "1/2-1/2"]
[PlyCount "30"]
[EventDate "2007.06.30"]
[EventType "tourn"]
[EventRounds "13"]
[EventCountry "SWE"]
[Source "lmi"]
[SourceDate "2007.06.30"]
[WhiteElo "2272"]
[BlackElo "2271"]

1. d4 Nf6 2. Nf3 e6 3. g3 c5 4. Bg2 Nc6 5. O-O cxd4 6. Nxd4 Qb6 7. Nb3 d5 8.
Be3 Qc7 9. Bf4 e5 10. Bg5 Ne4 11. Be3 Be6 12. c4 Rd8 13. cxd5 Bxd5 14. Qc2 Qb8
15. a3 Nf6 1/2-1/2

[Event "Suecia ch 2007 Mästare Elit"]
[Site "Stockholm SWE"]
[Date "2007.07.11"]
[Round "11"]
[White "Nilsson, Sebastian"]
[Black "Akesson, Joel"]
[Result "0-1"]
[PlyCount "80"]
[EventDate "2007.06.30"]
[EventType "tourn"]
[EventRounds "13"]
[EventCountry "SWE"]
[Source "lmi"]
[SourceDate "2007.06.30"]
[WhiteElo "2218"]
[BlackElo "2326"]

1. e4 e6 2. d4 d5 3. Nc3 Bb4 4. e5 b6 5. Qg4 Bf8 6. Bg5 Qd7 7. Bb5 c6 8. Ba4 a5
9. a3 b5 10. Bb3 f6 11. Bf4 Qf7 12. h4 a4 13. Ba2 Qg6 14. Qxg6+ hxg6 15. Rh3
Nd7 16. Nf3 b4 17. Nb1 c5 18. dxc5 Bxc5 19. axb4 Bxb4+ 20. c3 Ba5 21. Na3 Nc5
22. O-O-O Ba6 23. c4 Rc8 24. Kb1 Ne7 25. Nd4 Ne4 26. Re3 Nxf2 27. Rf1 Ng4 28.
Re2 O-O 29. Nxe6 fxe5 30. Nxf8 Rxf8 31. Rf3 e4 32. Rf1 Nc6 33. Nc2 Nce5 34. Ne3
Nxe3 35. Rxe3 Nxc4 36. Bxc4 Bxc4 37. Rf2 d4 38. Ra3 Bb3 39. g3 e3 40. Rg2 Bb6
0-1

[Event "Suecia ch 2007 Junior-SM"]
[Site "Stockholm SWE"]
[Date "2007.07.11"]
[Round "11"]
[White "Zadruzny, Nicolaj"]
[Black "Nithander, Victor"]
[Result "1/2-1/2"]
[PlyCount "47"]
[EventDate "2007.06.30"]
[EventType "tourn"]
[EventRounds "13"]
[EventCountry "SWE"]
[Source "lmi"]
[SourceDate "2007.06.30"]
[WhiteElo "2209"]
[BlackElo "2357"]

1. e4 c5 2. Nf3 d6 3. Bb5+ Bd7 4. Bxd7+ Qxd7 5. O-O Nf6 6. Re1 Nc6 7. c3 e6 8.
d4 cxd4 9. cxd4 d5 10. e5 Ne4 11. Nbd2 Nxd2 12. Bxd2 Be7 13. Bg5 O-O 14. Bxe7
Qxe7 15. Rc1 Rac8 16. Re3 Qb4 17. Rb3 Qa4 18. Rbc3 Qxd1+ 19. Rxd1 Ne7 20. Rdc1
Rxc3 21. Rxc3 Rc8 22. Rxc8+ Nxc8 23. Kf1 Nb6 24. b3 1/2-1/2

[Event "Suecia ch 2007 Junior-SM"]
[Site "Stockholm SWE"]
[Date "2007.07.11"]
[Round "11"]
[White "De Verdier, Michael"]
[Black "Andersson, Alexis"]
[Result "1-0"]
[PlyCount "59"]
[EventDate "2007.06.30"]
[EventType "tourn"]
[EventRounds "13"]
[EventCountry "SWE"]
[Source "lmi"]
[SourceDate "2007.06.30"]
[WhiteElo "2123"]
[BlackElo "2055"]

1. Nf3 d5 2. d4 c6 3. c4 e6 4. e3 Nf6 5. Nc3 Nbd7 6. Qc2 a6 7. b3 b5 8. Bd3 Be7
9. O-O Bb7 10. Bb2 Qc7 11. Rac1 Rc8 12. Ne2 bxc4 13. bxc4 c5 14. cxd5 exd5 15.
dxc5 Bxc5 16. Bf5 Qd6 17. Ng3 Bb6 18. Qa4 Rxc1 19. Rxc1 O-O 20. Qh4 Bd8 21. Qh3
h6 22. Bd3 Qb4 23. Rb1 Nc5 24. Bd4 Nxd3 25. Rxb4 Nxb4 26. Bc5 Nxa2 27. Bxf8
Kxf8 28. Qh4 Bc6 29. Qd4 Nd7 30. Qb2 1-0

[Event "Suecia ch 2007 Junior-SM"]
[Site "Stockholm SWE"]
[Date "2007.07.11"]
[Round "11"]
[White "Agrest, Inna"]
[Black "Tadjerbashi, Amir"]
[Result "0-1"]
[PlyCount "82"]
[EventDate "2007.06.30"]
[EventType "tourn"]
[EventRounds "13"]
[EventCountry "SWE"]
[Source "lmi"]
[SourceDate "2007.06.30"]
[WhiteElo "2085"]
[BlackElo "2182"]

1. e4 e5 2. Nf3 Nc6 3. Bb5 a6 4. Ba4 Nf6 5. O-O Be7 6. Re1 b5 7. Bb3 O-O 8. c3
d6 9. h3 Na5 10. Bc2 c5 11. d4 Qc7 12. Nbd2 cxd4 13. cxd4 Bd7 14. Nf1 Nc6 15.
Ne3 Rac8 16. Bb1 Nxd4 17. Nxd4 exd4 18. Qxd4 Rfe8 19. Bd2 Be6 20. Bc3 Bf8 21.
Nf1 Nd7 22. Re3 Qc5 23. Qd2 Ne5 24. Rg3 Ng6 25. Kh1 d5 26. b4 Qc4 27. Kg1 dxe4
28. a4 Qc6 29. axb5 axb5 30. Qe1 f5 31. Bb2 Bc4 32. Ra7 Rc7 33. Rxc7 Qxc7 34.
Qc3 Qe7 35. Ne3 f4 36. Nf5 Qxb4 37. Rg5 Qxc3 38. Bxc3 e3 39. fxe3 fxe3 40. h4
e2 41. Be1 Ra8 0-1

[Event "Suecia ch 2007 Junior-SM"]
[Site "Stockholm SWE"]
[Date "2007.07.11"]
[Round "11"]
[White "Lissang, Christopher"]
[Black "Wickstrom, Lucas"]
[Result "1/2-1/2"]
[PlyCount "83"]
[EventDate "2007.06.30"]
[EventType "tourn"]
[EventRounds "13"]
[EventCountry "SWE"]
[Source "lmi"]
[SourceDate "2007.06.30"]
[WhiteElo "2053"]
[BlackElo "2139"]

1. e4 c5 2. Nf3 d6 3. d4 cxd4 4. Nxd4 Nf6 5. Nc3 a6 6. Be3 e5 7. Nf3 Be7 8. Bc4
Be6 9. Bb3 O-O 10. O-O b5 11. Nd5 Nxd5 12. Bxd5 Bxd5 13. Qxd5 Nd7 14. a4 Nb6
15. Bxb6 Qxb6 16. axb5 Qxb5 17. Qxb5 axb5 18. c3 Ra4 19. Rxa4 bxa4 20. Ra1 Rb8
21. Ra2 g6 22. Nd2 Bg5 23. Nc4 Bc1 24. Kf1 f5 25. exf5 gxf5 26. Nxd6 Bxb2 27.
Rxa4 Bxc3 28. Nxf5 Rb1+ 29. Ke2 Rb2+ 30. Ke3 Bb4 31. Ke4 Rxf2 32. g4 Bf8 33.
Ra8 Rxh2 34. Kxe5 Rb2 35. Kf4 Rb6 36. Kg5 Kf7 37. Ra7+ Kg8 38. Rd7 Ra6 39. Rb7
Rc6 40. Rd7 Ra6 41. Ng3 Ra5+ 42. Kh4 1/2-1/2

[Event "Suecia ch 2007 Junior-SM"]
[Site "Stockholm SWE"]
[Date "2007.07.11"]
[Round "11"]
[White "Vas, Peter"]
[Black "Blomqvist, Erik"]
[Result "1/2-1/2"]
[PlyCount "29"]
[EventDate "2007.06.30"]
[EventType "tourn"]
[EventRounds "13"]
[EventCountry "SWE"]
[Source "lmi"]
[SourceDate "2007.06.30"]
[WhiteElo "2166"]
[BlackElo "2313"]

1. e4 c5 2. Nf3 d6 3. d4 cxd4 4. Nxd4 Nf6 5. f3 Nc6 6. c4 g6 7. Be3 Bg7 8. Qd2
O-O 9. Nc3 Bd7 10. Rc1 Nxd4 11. Bxd4 Bc6 12. Be2 Nd7 13. b4 Bxd4 14. Qxd4 Qb6
15. Qxb6 1/2-1/2

[Event "Suecia ch 2007 Veteran-SM"]
[Site "Stockholm SWE"]
[Date "2007.07.11"]
[Round "7"]
[White "Malmdin, Nils-Ake"]
[Black "Nordstrom, Felix"]
[Result "1/2-1/2"]
[PlyCount "54"]
[EventDate "2007.07.01"]
[EventCountry "SWE"]
[Source "lmi"]
[SourceDate "2007.06.30"]
[WhiteElo "2259"]
[BlackElo "2173"]

1. e4 c5 2. Nf3 e6 3. Nc3 a6 4. d4 cxd4 5. Nxd4 Qc7 6. Bd3 Nc6 7. Be3 Nf6 8.
O-O Ne5 9. h3 b5 10. a4 b4 11. Nb1 Bb7 12. Nd2 d5 13. Re1 Bd6 14. Bg5 Nxe4 15.
Bxe4 dxe4 16. Nxe4 Bxe4 17. Rxe4 O-O 18. Rc1 h6 19. Bf4 Rfd8 20. Qh5 Ng6 21.
Nxe6 Nxf4 22. Nxc7 Nxh5 23. Nxa8 Rxa8 24. Rd1 Nf6 25. Red4 Be7 26. b3 Rc8 27.
R1d2 Kf8 1/2-1/2

[Event "Suecia ch 2007 Veteran-SM"]
[Site "Stockholm SWE"]
[Date "2007.07.11"]
[Round "7"]
[White "Soderborg, Berndt"]
[Black "Agrest, Roman"]
[Result "1-0"]
[PlyCount "91"]
[EventDate "2007.07.01"]
[EventCountry "SWE"]
[Source "lmi"]
[SourceDate "2007.06.30"]
[WhiteElo "2126"]
[BlackElo "2161"]

1. e4 c5 2. Nf3 e6 3. Nc3 a6 4. d4 cxd4 5. Nxd4 Qc7 6. Be2 Nf6 7. Bf3 d6 8. O-O
Nbd7 9. g3 Rb8 10. Bg2 b5 11. Re1 Be7 12. a3 Nb6 13. e5 dxe5 14. Nc6 O-O 15.
Nxb8 Qxb8 16. Qe2 Nfd7 17. b3 f5 18. Bb2 Bb7 19. a4 b4 20. Nd1 Bd6 21. Bxb7
Qxb7 22. Ne3 f4 23. Nc4 Nxc4 24. Qxc4 Rf6 25. Qe4 Qb6 26. Re2 Nc5 27. Qc4 Rf5
28. Rf1 fxg3 29. hxg3 Qc6 30. f4 Rh5 31. Rg2 e4 32. f5 Qd5 33. Qxd5 exd5 34. g4
Rh4 35. Rd1 h5 36. Rxd5 Bf8 37. Bd4 Nb7 38. f6 hxg4 39. fxg7 Be7 40. Rd7 Bc5
41. Bxc5 Nxc5 42. Rd4 a5 43. Rc4 Nd7 44. Rxe4 Nf6 45. Re7 Nh5 46. Rd2 1-0

[Event "Suecia ch 2007 Veteran-SM"]
[Site "Stockholm SWE"]
[Date "2007.07.11"]
[Round "7"]
[White "Gustavsson, Sture"]
[Black "Marklund, Gunnar"]
[Result "1-0"]
[PlyCount "152"]
[EventDate "2007.07.01"]
[EventCountry "SWE"]
[Source "lmi"]
[SourceDate "2007.06.30"]
[WhiteElo "2109"]
[BlackElo "2103"]

1. d4 c6 2. Nf3 d5 3. c4 Nf6 4. e3 Bf5 5. Nc3 e6 6. Bd3 Bxd3 7. Qxd3 dxc4 8.
Qxc4 Be7 9. O-O Nbd7 10. b3 Rc8 11. Bb2 O-O 12. Rac1 Bd6 13. e4 Bf4 14. Rcd1
Qa5 15. b4 Qh5 16. Ne2 Bb8 17. e5 Ne4 18. Bc1 b5 19. Qb3 Qf5 20. Ng3 Nxg3 21.
fxg3 Nb6 22. Ng5 Qg6 23. Qd3 Qxd3 24. Rxd3 h6 25. Ne4 Rfd8 26. Nc5 Nc4 27. g4
Rd5 28. g5 hxg5 29. Bxg5 Bc7 30. Rdf3 Bb6 31. Rxf7 Rxd4 32. Kh1 Bxc5 33. bxc5
Rd5 34. Rxa7 Rxe5 35. h4 Rf8 36. Rxf8+ Kxf8 37. Rc7 Re1+ 38. Kh2 Ne5 39. Be7+
Ke8 40. Bd6 Re3 41. Bxe5 Rxe5 42. Rxc6 Kd7 43. Rb6 Rxc5 44. Rb7+ Kd6 45. Rxg7
Rc4 46. Kh3 e5 47. h5 e4 48. h6 e3 49. h7 Rc1 50. Kg4 e2 51. h8=Q e1=Q 52. Qh6+
Qe6+ 53. Qxe6+ Kxe6 54. g3 Rc4+ 55. Kh5 Ra4 56. Rb7 Ra5 57. g4 Kd6 58. g5 Kc6
59. Rb8 Kc7 60. Rf8 Rxa2 61. g6 Rh2+ 62. Kg5 Rg2+ 63. Kf6 Kc6 64. g7 Rxg7 65.
Kxg7 Kc5 66. Kf6 b4 67. Ke5 Kc4 68. Ke4 b3 69. Ke3 Kc3 70. Rc8+ Kb2 71. Kd2 Kb1
72. Rc1+ Ka2 73. Rh1 Kb2 74. Rg1 Ka3 75. Kc3 Ka2 76. Rh1 b2 1-0

[Event "Suecia ch 2007 Veteran-SM"]
[Site "Stockholm SWE"]
[Date "2007.07.11"]
[Round "7"]
[White "Andersson, Sven-Olof"]
[Black "Johansson, Per"]
[Result "1/2-1/2"]
[PlyCount "78"]
[EventDate "2007.07.01"]
[EventCountry "SWE"]
[Source "lmi"]
[SourceDate "2007.06.30"]
[WhiteElo "2095"]
[BlackElo "2003"]

1. d4 d5 2. Nf3 Nf6 3. g3 c6 4. Bg2 Bf5 5. O-O e6 6. Nh4 Bg4 7. h3 Bh5 8. Nd2
Bd6 9. Qe1 Bg6 10. Nxg6 hxg6 11. e4 dxe4 12. Nxe4 Be7 13. Nxf6+ Bxf6 14. c3 O-O
15. Qe2 Nd7 16. Bf4 Nb6 17. Rad1 Nd5 18. Be5 Qe7 19. c4 Nb6 20. c5 Bxe5 21.
cxb6 Bf6 22. bxa7 Rxa7 23. Qc4 Rd8 24. Rfe1 Qd6 25. Be4 Bxd4 26. Kg2 e5 27. Rd3
c5 28. Rb3 b6 29. Rf3 Rdd7 30. h4 Bxb2 31. Rb1 Bd4 32. Rfb3 Rxa2 33. Rxb6 Rxf2+
34. Kh3 Qe7 35. Bxg6 Rd8 36. Rb7 Qe6+ 37. Qxe6 fxe6 38. Re7 e4 39. Bxe4 Rf7
1/2-1/2

[Event "Suecia ch 2007 SM-gruppen"]
[Site "Stockholm SWE"]
[Date "2007.07.12"]
[Round "12"]
[White "Akesson, Ralf"]
[Black "Johansson, Jan"]
[Result "0-1"]
[PlyCount "76"]
[EventDate "2007.06.30"]
[EventType "tourn"]
[EventRounds "13"]
[EventCountry "SWE"]
[Source "lmi"]
[SourceDate "2007.06.30"]
[WhiteElo "2477"]
[BlackElo "2441"]

1. d4 Nf6 2. c4 e6 3. g3 d5 4. Bg2 dxc4 5. Nf3 Nc6 6. Qa4 Bb4+ 7. Bd2 Nd5 8.
Bxb4 Ndxb4 9. a3 b5 10. Qxb5 Nc2+ 11. Kd2 Nxa1 12. Qxc6+ Bd7 13. Qxc4 c5 14.
Qa2 Qa5+ 15. b4 cxb4 16. Qxa1 Rc8 17. Ne5 Bb5 18. Be4 O-O 19. Bd3 f6 20. Nf3
Bxd3 21. Kxd3 Qf5+ 22. Ke3 e5 23. Qa2+ Kh8 24. d5 Rc2 25. Qb3 Rfc8 26. axb4 e4
27. Nd4 Qg5+ 28. f4 exf3+ 29. Kxf3 R2c4 30. Rd1 Qh5+ 31. Kg2 Rxd4 32. Rxd4
Qxe2+ 33. Kh3 Qf1+ 34. Kg4 h5+ 35. Kh4 g5+ 36. Kxh5 Qh3+ 37. Kg6 Rf8 38. Rh4+
gxh4 0-1

[Event "Suecia ch 2007 SM-gruppen"]
[Site "Stockholm SWE"]
[Date "2007.07.12"]
[Round "12"]
[White "Berg, Emanuel"]
[Black "Hillarp Persson, Tiger"]
[Result "1/2-1/2"]
[PlyCount "97"]
[EventDate "2007.06.30"]
[EventType "tourn"]
[EventRounds "13"]
[EventCountry "SWE"]
[Source "lmi"]
[SourceDate "2007.06.30"]
[WhiteElo "2581"]
[BlackElo "2567"]

1. e4 c5 2. Nf3 d6 3. d4 cxd4 4. Nxd4 Nf6 5. Nc3 a6 6. Be3 e6 7. f3 b5 8. Qd2
b4 9. Na4 Nbd7 10. c4 Nc5 11. Nxc5 dxc5 12. Nb3 Qc7 13. Qf2 Nd7 14. Be2 a5 15.
O-O a4 16. Nd2 Be7 17. f4 Bb7 18. e5 O-O 19. Bf3 f6 20. exf6 Nxf6 21. Qe2 Bd6
22. Rae1 Rae8 23. Bxb7 Qxb7 24. h3 e5 25. f5 e4 26. Bf4 Qd7 27. Qe3 Be5 28.
Bxe5 Rxe5 29. g4 Rfe8 30. Rf4 h6 31. b3 axb3 32. axb3 Qd4 33. Rf2 Qc3 34. Nf1
Rd8 35. Qxc3 bxc3 36. Re3 Rd3 37. Rc2 h5 38. Rxd3 exd3 39. Rxc3 hxg4 40. hxg4
Nxg4 41. Rxd3 Rxf5 42. Ng3 Re5 43. Kg2 Nf6 44. Rd6 Kf7 45. Rb6 Ne4 46. Nxe4
Rxe4 47. Rb5 Re3 48. Kf2 Rh3 49. Kg2 1/2-1/2

[Event "Suecia ch 2007 SM-gruppen"]
[Site "Stockholm SWE"]
[Date "2007.07.12"]
[Round "12"]
[White "Carlsson, Pontus"]
[Black "Furhoff, Johan"]
[Result "1/2-1/2"]
[PlyCount "49"]
[EventDate "2007.06.30"]
[EventType "tourn"]
[EventRounds "13"]
[EventCountry "SWE"]
[Source "lmi"]
[SourceDate "2007.06.30"]
[WhiteElo "2480"]
[BlackElo "2397"]

1. e4 Nc6 2. Nf3 Nf6 3. Nc3 d5 4. exd5 Nxd5 5. Bc4 Nxc3 6. bxc3 e6 7. d4 Be7 8.
O-O O-O 9. Qe2 b6 10. Qe4 Bb7 11. Bd3 g6 12. Bh6 Re8 13. Qg4 Nb8 14. Ne5 Bf8
15. Bg5 Be7 16. Bh6 Bf8 17. Bxf8 Rxf8 18. Rfe1 Nd7 19. Bxg6 hxg6 20. Nxg6 fxg6
21. Qxg6+ Kh8 22. Qh6+ Kg8 23. Qg6+ Kh8 24. Qh6+ Kg8 25. Qg6+ 1/2-1/2

[Event "Suecia ch 2007 SM-gruppen"]
[Site "Stockholm SWE"]
[Date "2007.07.12"]
[Round "12"]
[White "Lindberg, Bengt"]
[Black "Brynell, Stellan"]
[Result "1/2-1/2"]
[PlyCount "122"]
[EventDate "2007.06.30"]
[EventType "tourn"]
[EventRounds "13"]
[EventCountry "SWE"]
[Source "lmi"]
[SourceDate "2007.06.30"]
[WhiteElo "2443"]
[BlackElo "2459"]

1. e4 e5 2. Nf3 Nc6 3. Bb5 Nf6 4. O-O Nxe4 5. d4 Be7 6. Qe2 Nd6 7. Bxc6 dxc6 8.
dxe5 Nf5 9. Rd1 Bd7 10. Nc3 O-O 11. Ne4 Qc8 12. h3 h6 13. Bf4 b6 14. Kh2 c5 15.
g4 Nh4 16. Nxh4 Bxh4 17. Bg3 Be7 18. f4 Bc6 19. f5 Qb7 20. Re1 Rfe8 21. Rad1
Rad8 22. Rxd8 Rxd8 23. f6 gxf6 24. Nxf6+ Bxf6 25. exf6 Re8 26. Be5 Qc8 27. Qd2
Kh7 28. Qd3+ Kh8 29. Qe3 Kh7 30. Qd3+ Kh8 31. Qe3 Kh7 32. Kg3 Qe6 33. Qd3+ Kh8
34. c4 Qd7 35. Qe3 Kh7 36. Kh4 Rg8 37. Qc3 Rd8 38. Qe3 Qd2 39. Bxc7 Rd3 40.
Qxd2 Rxd2 41. Be5 Rd3 42. Re2 a6 43. b3 Kg6 44. Bc7 b5 45. Rc2 bxc4 46. Rxc4
Bg2 47. Bg3 Rd5 48. Rc3 Kxf6 49. Bf2 Rd2 50. Bxc5 Rxa2 51. Bd4+ Kg6 52. Rc8 Rd2
53. Rg8+ Kh7 54. Rh8+ Kg6 55. Rg8+ Kh7 56. Rg7+ Kh8 57. Bf6 Rd3 58. Rg6+ Kh7
59. Rg7+ Kh8 60. Rg6+ Kh7 61. Rg7+ Kh8 1/2-1/2

[Event "Suecia ch 2007 SM-gruppen"]
[Site "Stockholm SWE"]
[Date "2007.07.12"]
[Round "12"]
[White "Hamark, Jesper"]
[Black "Lindberg, Bosse"]
[Result "1/2-1/2"]
[PlyCount "147"]
[EventDate "2007.06.30"]
[EventType "tourn"]
[EventRounds "13"]
[EventCountry "SWE"]
[Source "lmi"]
[SourceDate "2007.06.30"]
[WhiteElo "2289"]
[BlackElo "2361"]

1. d4 Nf6 2. Nf3 e6 3. Bf4 c5 4. e3 b6 5. Nbd2 Bb7 6. c3 Be7 7. h3 d6 8. Bd3
Nbd7 9. Qe2 cxd4 10. exd4 Qc7 11. O-O O-O 12. Rfe1 Rfe8 13. Qf1 Bf8 14. Bh2 g6
15. Ba6 Rac8 16. a4 Bxa6 17. Qxa6 Nb8 18. Qb5 a6 19. Qd3 Qb7 20. Ne4 Nxe4 21.
Rxe4 Qd5 22. Ree1 e5 23. Qe3 Qb3 24. dxe5 dxe5 25. Re2 Nd7 26. a5 Rb8 27. axb6
Rxb6 28. Bg3 h6 29. Ra5 Kh7 30. Nd2 Qd1+ 31. Re1 Qc2 32. Rd5 Rb7 33. Ne4 Re6
34. Red1 Qa4 35. Nd6 Bxd6 36. Rxd6 Rxd6 37. Rxd6 Rxb2 38. Bxe5 Nxe5 39. Qxe5
Rb8 40. Kh2 Rc8 41. Qf6 Qc4 42. Rxa6 Qc7+ 43. g3 Qxc3 44. Qxf7+ Qg7 45. Ra7
Qxf7 46. Rxf7+ Kg8 47. Ra7 Rc3 48. Kg2 Rb3 49. Rc7 Ra3 50. Rb7 Rc3 51. Rd7 Ra3
52. Rb7 Rc3 53. Ra7 Rb3 54. Rd7 Ra3 55. Re7 Rb3 56. g4 Ra3 57. h4 Rb3 58. f3
Rb2+ 59. Kg3 Rb4 60. Ra7 Rc4 61. Rd7 Ra4 62. Rd5 Rb4 63. h5 g5 64. Kf2 Rb3 65.
Ke2 Ra3 66. Rd3 Rxd3 67. Kxd3 Kf7 68. Kd4 Kf6 69. Kd5 Kf7 70. Ke5 Ke7 71. Kd4
Kf6 72. Kd5 Kf7 73. Kc5 Ke7 74. Kd4 1/2-1/2

[Event "Suecia ch 2007 SM-gruppen"]
[Site "Stockholm SWE"]
[Date "2007.07.12"]
[Round "12"]
[White "Smith, Axel"]
[Black "Karlsson, Lars"]
[Result "1-0"]
[PlyCount "66"]
[EventDate "2007.06.30"]
[EventType "tourn"]
[EventRounds "13"]
[EventCountry "SWE"]
[Source "lmi"]
[SourceDate "2007.06.30"]
[WhiteElo "2284"]
[BlackElo "2493"]

1. e4 e6 2. d4 d5 3. Nc3 Bb4 4. e5 b6 5. a3 Bf8 6. Nf3 Ne7 7. h4 Qd7 8. h5 h6
9. b4 c6 10. a4 Na6 11. Rb1 Nc7 12. b5 Bb7 13. Ba3 a6 14. bxa6 Bxa6 15. Rxb6
Nc8 16. Rb3 Bxf1 17. Kxf1 Bxa3 18. Rxa3 Nb5 19. Nxb5 cxb5 20. a5 Nb6 21. Nd2
O-O 22. Rg3 Rxa5 23. Rh4 f5 24. exf6 Rxf6 25. Rhg4 Rf7 26. Nb3 Ra7 27. Rg6 Qd6
28. Qg4 Rae7 29. Nc5 Nc4 30. Nxe6 Qb4 31. Kg1 Qe1+ 32. Kh2 Qxf2 33. Nxg7 Kf8
1-0

[Event "Suecia ch 2007 Mästare Elit"]
[Site "Stockholm SWE"]
[Date "2007.07.12"]
[Round "12"]
[White "Marttala, Thomas"]
[Black "Nilsson, Sebastian"]
[Result "1/2-1/2"]
[PlyCount "54"]
[EventDate "2007.06.30"]
[EventType "tourn"]
[EventRounds "13"]
[EventCountry "SWE"]
[Source "lmi"]
[SourceDate "2007.06.30"]
[WhiteElo "2271"]
[BlackElo "2218"]

1. Nf3 d5 2. d4 c6 3. c4 e6 4. Qc2 dxc4 5. Qxc4 b5 6. Qc2 Bb7 7. e4 Nd7 8. Bd2
Ngf6 9. e5 Nd5 10. Nc3 Qb6 11. Nxd5 cxd5 12. Rc1 Be7 13. Qc7 a6 14. Ba5 Qxc7
15. Bxc7 Nb8 16. Bd3 Nc6 17. Ke2 Kd7 18. Bb6 g5 19. h3 h5 20. g4 Rh6 21. Rhg1
Rc8 22. a3 f6 23. Kd2 hxg4 24. hxg4 Rh3 25. Ke2 Rf8 26. Rg3 Rxg3 27. fxg3 Rh8
1/2-1/2

[Event "Suecia ch 2007 Mästare Elit"]
[Site "Stockholm SWE"]
[Date "2007.07.12"]
[Round "12"]
[White "Welin, Mats"]
[Black "Johansson, Gunnar"]
[Result "0-1"]
[PlyCount "88"]
[EventDate "2007.06.30"]
[EventType "tourn"]
[EventRounds "13"]
[EventCountry "SWE"]
[Source "lmi"]
[SourceDate "2007.06.30"]
[WhiteElo "2195"]
[BlackElo "2272"]

1. e4 c5 2. Nf3 Nc6 3. d4 cxd4 4. Nxd4 e6 5. Nb5 d6 6. Bf4 e5 7. Be3 a6 8. N5c3
Nf6 9. Bg5 Be7 10. Nd2 Bg4 11. f3 Be6 12. Bxf6 Bxf6 13. Nc4 Nd4 14. Ne3 Qa5 15.
Kf2 O-O 16. Bd3 Bg5 17. Ncd5 Qc5 18. Kf1 f5 19. b4 Qc6 20. h4 Bd8 21. c3 Nb5
22. Qb3 Nc7 23. Bc4 Bxd5 24. Nxd5 Kh8 25. Nxc7 Qxc7 26. Bd5 Rc8 27. Rc1 f4 28.
Ke2 Qe7 29. Rcd1 Bb6 30. Rd3 Rfd8 31. Qd1 Ba7 32. Kd2 Qc7 33. Qb3 Be3+ 34. Kc2
b5 35. a4 Qe7 36. axb5 axb5 37. h5 Qg5 38. Qa2 Qxg2+ 39. Kb3 Qxf3 40. Qh2 h6
41. Qh4 Qe2 42. Rhd1 Ra8 43. Ra1 Qxd3 44. Bxa8 Rc8 0-1

[Event "Suecia ch 2007 Mästare Elit"]
[Site "Stockholm SWE"]
[Date "2007.07.12"]
[Round "12"]
[White "Hedman, Erik"]
[Black "Wademark, Helge"]
[Result "1-0"]
[PlyCount "61"]
[EventDate "2007.06.30"]
[EventType "tourn"]
[EventRounds "13"]
[EventCountry "SWE"]
[Source "lmi"]
[SourceDate "2007.06.30"]
[WhiteElo "2346"]
[BlackElo "2153"]

1. e4 e6 2. d4 d5 3. Nc3 Nf6 4. e5 Nfd7 5. f4 c5 6. Nf3 Nc6 7. Be3 Be7 8. dxc5
Nxc5 9. Be2 Bd7 10. a3 b6 11. b4 Nb7 12. Ba6 Rb8 13. O-O O-O 14. Qd2 f6 15.
Rad1 f5 16. Nxd5 Be8 17. Nxe7+ Qxe7 18. Qc3 h6 19. Rd2 Ncd8 20. Nd4 Nf7 21.
Rfd1 g5 22. g3 Kh7 23. Bc4 gxf4 24. Bxf4 Nbd8 25. h4 Rc8 26. Qb3 Ba4 27. Qd3
Rg8 28. Nxf5 exf5 29. Qxf5+ Kh8 30. Rxd8 Nxd8 31. Bxg8 1-0

[Event "Suecia ch 2007 Mästare Elit"]
[Site "Stockholm SWE"]
[Date "2007.07.12"]
[Round "12"]
[White "Couso, Luis"]
[Black "Janse, Love"]
[Result "1-0"]
[PlyCount "131"]
[EventDate "2007.06.30"]
[EventType "tourn"]
[EventRounds "13"]
[EventCountry "SWE"]
[Source "lmi"]
[SourceDate "2007.06.30"]
[WhiteElo "2358"]
[BlackElo "2090"]

1. e4 g6 2. d4 d6 3. Nc3 c6 4. Be3 Bg7 5. h3 Nd7 6. a4 e5 7. Nf3 Ngf6 8. dxe5
dxe5 9. Qd6 Qe7 10. Qxe7+ Kxe7 11. Nd2 Ne8 12. a5 h5 13. Be2 Bh6 14. Bxh6 Rxh6
15. O-O Rh8 16. Rfd1 Nd6 17. b4 Nf6 18. f3 Be6 19. Na4 Nd7 20. c4 Rac8 21. Nc3
a6 22. c5 Nb5 23. Bxb5 cxb5 24. Nd5+ Kf8 25. Nf1 f5 26. exf5 gxf5 27. f4 Kf7
28. Nfe3 e4 29. Nb6 Rcd8 30. Nxd7 Bxd7 31. Rd6 Be6 32. Rad1 Ke7 33. Kf2 h4 34.
Rxd8 Rxd8 35. Rxd8 Kxd8 36. Nc2 Ke7 37. Ke3 Bd5 38. Kf2 Kf6 39. g3 hxg3+ 40.
Kxg3 Kg6 41. Ne3 Bb3 42. Kf2 Be6 43. Ng2 Bc4 44. Ne3 Be6 45. Nc2 Bd7 46. Nd4
Kh6 47. Ne2 Kh5 48. Kg3 Be6 49. h4 Bd7 50. Kh3 Kg6 51. Ng3 Be6 52. Kg2 Bb3 53.
Kf2 Bd1 54. Ke3 Bf3 55. Kd4 Bg4 56. Nf1 Kh5 57. Ne3 Kxh4 58. Nd5 Kg3 59. Ke3
Bh5 60. Nc7 Bf7 61. c6 bxc6 62. Nxa6 Be6 63. Nc5 Bc8 64. a6 Bxa6 65. Nxa6 Kg4
66. Nc5 1-0